000 01129nam a22002177a 4500
003 OSt
005 20260413110523.0
008 260413b |||||||| |||| 00| 0 eng d
020 _a1405808136
082 _21405808136
_a1405808136
_b1405808136
100 _aLongman/Pearson
245 _aLongman Dictionary of American English Workbook
250 _a3rd Edition
260 _aHarlow, Reino Unido
_b Pearson Education Limited
_c 2005
300 _a72 pág
_b A4
_c27,6 x 21 cm
490 _3Tapa blanda paperback
520 _aEl primer libro, On Screen B1+, es un recurso integral de la editorial Express Publishing diseñado para estudiantes de nivel intermedio alto. Su estructura combina en un solo volumen de unas 192 páginas el cuaderno de ejercicios (Workbook) y una sección profunda de gramática (Grammar Book). Está fabricado en tapa blanda con papel especial para escribir, facilitando el trabajo diario en el aula o de forma autónoma.
650 _aUso de guías alfabéticas.
_vComprensión de símbolos fonéticos.
_xPráctica de sinónimos y antónimos
700 _aLongman/Pearson
942 _2ddc
_cBKA
_n0
999 _c2069
_d2069